01351nam a22003377a 4500003000500000005001700005008004100022010001000063011001000073035001000083040000900093090001000102100004200112245020200154260003800356300001000394502009500404590003700499590004100536590004100577590004100618590004200659650003000701650003500731650003900766901000700805942001000812949004600822999001700868952012800885CHAP20220329140445.0971013s1981 r 00010 d a52254 a53226 a57376 cCHAP aTesis00aPonce Azúara, José Manuel.990772 aPérdidas económicas causadas por el decomiso de hígados infestados con fasciola hepática en bovinos sacrificados en la Empacadora T.I.F. (Tipo Inspección Federal) No. 48 en Aguascalientes aMéxico, D.F. :bEl autor,c1981 a21 h. aTesis (Médico Veterinario Zootecnista) -- UNAM. Fac. de Medicina Veterinaria y Zootecnia aALEPHb10c20130110lUCH01h1329 aBATCH-UPDb10c20130110lUCH01h0802 aBATCH-UPDb10c20130410lUCH01h0440 aBATCH-UPDb10c20130914lUCH01h1525 aCONVERSIONb10c20130109lUCH01h132814aFasciola hepatica.93981414aGanado vacunoxMatanza.94547814aGanado vacunoxParásitos.945500 aBK cTESIS bBCcTESd-124867eTS1h18449i57376mDsi c52254d52254 00102local4051708TESISaBCbBCcPA_TESISd2019-12-31fTESISl0oTesisp-124867r2019-12-31 00:00:00w2019-12-31yTESIS